00323nam a2200121Ia 45000030006000000080041000060400015000471000021000622450063000832600026001465460012001720050017001840STCL150530s9999 xx 000 0 und d aSTCLcSTCL aSeton Karr, W.S. aMarquess corn waltis and the consolidation of British rule bClarendon pressc1920 aEnglish20220125165525.0